|
|
|
|
| LEADER |
01507nam a22003497a 4500 |
| 001 |
41447 |
| 003 |
BD-DhAAL |
| 005 |
20250810121848.0 |
| 008 |
230829t2000 ir a|||| |||| 00| 0 eng d |
| 020 |
|
|
|a 964695121X (v. 2)
|
| 020 |
|
|
|a 9646951236 (set)
|
| 040 |
|
|
|a BD-DhAAL
|d BD-DhAAL
|
| 082 |
|
|
|a 491.5532
|
| 100 |
|
|
|a Birjandi, Parviz.
|9 55467
|
| 245 |
|
|
|a Collegiate dictionary English-Persian :
|b based on oxford advanced learner's dictionary.
|n Volume 2, G-P /
|c Parviz. Birjandi ... [et al.].
|
| 246 |
|
|
|a Rahnama collegiate dictionary English-Persian
|
| 250 |
|
|
|a First edition.
|
| 260 |
|
|
|a Tihran :
|b Rahnama,
|c 2000.
|
| 300 |
|
|
|a ii, Volume 2 [pagination not identifier] :
|b illustrations ;
|c 25 cm.
|
| 362 |
|
|
|a Vol. Two
|
| 500 |
|
|
|a Based on Oxford Advanced Learner's Dictionary
|
| 541 |
|
|
|a RS campus, Saver.
|e 41446
|
| 650 |
|
|
|a English language
|x Dictionaries
|x Persian.
|9 55459
|
| 650 |
|
|
|a Persian language
|x Dictionaries
|x English.
|9 55457
|
| 700 |
|
|
|a Kabiri, Ghasem.
|9 55460
|
| 700 |
|
|
|a Hassani, Mir Akbar.
|9 55461
|
| 700 |
|
|
|a Noroozi, Mehdi.
|9 55462
|
| 700 |
|
|
|a Muhammadi, Nour Mohmood.
|9 55463
|
| 852 |
|
|
|a Ayesha Abed Library
|c General Stacks
|
| 942 |
|
|
|2 ddc
|c BK
|
| 999 |
|
|
|c 46146
|d 46146
|
| 952 |
|
|
|0 0
|1 0
|2 ddc
|4 0
|6 491_553200000000000_PAR
|7 0
|9 74311
|a SCL
|b SCL
|c GEN
|d 2023-08-29
|l 0
|o 491.5532 PAR
|p 3020041446
|r 2023-08-29
|t 1
|w 2023-08-29
|y BK
|x As directed by University librarian (30.05.2023), the accession of this book has been renewed. Previous Accession no of TARC, Savar: 4804
|